00568 2200205 4500001002100000005001500021035002000036007000300056008004100059020002200100082000800122084001400130100001200144245006200156250002000218260004000238300004300278650002100321700002000342INLIS00000000113885820220121091019 a0010-0122004010ta220121 0 ind  a978-979-781-309-3 a910 a910 WIN s0 aWinarno1 aSejarah Ringkas Pahlawan Nasional /cDrs. Winarno, M. Si. aCetakan Pertama aJakarta :bPenerbit Erlangga,c2006 a129 halaman :bilustrasi ;c15 x 23 cm 4aSejarah Pahlawan0 aeditor ; Faisol